| 000 | 00594nam a22002177a 4500 | ||
|---|---|---|---|
| 008 | 240609b mp ||||| |||| 00| 0 mon d | ||
| 020 | _a99929-0-475-5 | ||
| 035 | _a717 | ||
| 040 |
_aHUV0167120 _bmon _cMN-UlNLM _dMN-UlNLM _erda |
||
| 041 | _amon | ||
| 042 | _a853 | ||
| 084 |
_2NNA _a28.693.35 _bК.921 |
||
| 100 | _aКуппэр Х. | ||
| 245 | 0 | _aДууч шувууд | |
| 264 |
_aУлаанбаатар _bАдмон ХХК _c2006 |
||
| 300 | _a20х. | ||
| 336 |
_2rdacontent _atext _btxt |
||
| 337 |
_2rdamedia _aunmediated _bn |
||
| 338 |
_2rdacarrier _avolume _bnc |
||
| 942 |
_2NNA _cBK |
||
| 999 |
_c860986 _d861043 |
||